000 00605nam a2200217Ia 4500
005 20250508164517.0
008 008 250505s9999 xx 000 0 eng d
037 _aTextual
040 _aFEDL
_beng
_cFEDL
041 _aeng
_2eng
084 _a331.4, GOT
_qFEDL
100 _aGothoskar Sujata Ed.
_9778327
245 0 _aStruggles of women at work
260 _aNew Delhi, India
_bVikas Publishing House Private Limited
_c1992
300 _axix,199p.
365 _aINR
_b295
546 _aMACESE
650 _aWomen labour
942 _cTEXL
_h331.4, GOT
999 _c1389494
_d1389494